Los sistemas numericos del quechua y el aimara /

Este artículo describe los sistemas numéricos de las familias linsguísticas quechua y aimara del Perú. El estudio original se ocupa de los sistemas numéricos de seis familias lingüísticas: quechua, aimara, arahuaca, pano, bora-witoto y cahuapana; el recorte es por razones editoriales. Por lo demás,...

Descripción completa

Detalles Bibliográficos
Autor principal: Pilares, Guido
Formato: Analitica de revista
Lenguaje:español

MARC

LEADER 00000cab a2200000 a 4500
001 041468
003 UAHC_CL
005 20170803124557.0
008 050705b xx j 000 1 spa
040 |a UAHC_CL  |c UAHC_CL  |d UAHC_CL 
100 1 |a Pilares, Guido 
245 1 4 |a Los sistemas numericos del quechua y el aimara /  |c Guido Pilares. 
500 |a Revista Andina 40, primer semestre del 2005, 149-178 
520 |a Este artículo describe los sistemas numéricos de las familias linsguísticas quechua y aimara del Perú. El estudio original se ocupa de los sistemas numéricos de seis familias lingüísticas: quechua, aimara, arahuaca, pano, bora-witoto y cahuapana; el recorte es por razones editoriales. Por lo demás, el estudio se limita a los cardinales, un subconjunto de los números naturales, y la discusión teórica de la relación entre cardinales y otros tipos de números no forma parte de este informe.\Por lo general, el tema ha sido tratado por lingüistas y lexicógrafos, que no siempre tuvieron interés prioritario por los enfoques numéricos. Los resultados de este esfuerzo fueron descripciones no siempre consistentes de léxicos especializados y aproximaciones, con diverso nivel de precisión, al pensamiento numérico de los pueblos amerindios de esta parte de América. 
520 |a Este artículo describe los sistemas numéricos de las familias linsguísticas quechua y aimara del Perú. El estudio original se ocupa de los sistemas numéricos de seis familias lingüísticas: quechua, aimara, arahuaca, pano, bora-witoto y cahuapana; el recorte es por razones editoriales. Por lo demás, el estudio se limita a los cardinales, un subconjunto de los números naturales, y la discusión teórica de la relación entre cardinales y otros tipos de números no forma parte de este informe.\Por lo general, el tema ha sido tratado por lingüistas y lexicógrafos, que no siempre tuvieron interés prioritario por los enfoques numéricos. Los resultados de este esfuerzo fueron descripciones no siempre consistentes de léxicos especializados y aproximaciones, con diverso nivel de precisión, al pensamiento numérico de los pueblos amerindios de esta parte de América. 
520 |a Este artÌculo describe los sistemas numÈricos de las familias linsguÌsticas quechua y aimara del Perú. El estudio original se ocupa de los sistemas numÈricos de seis familias ling¸Ìsticas: quechua, aimara, arahuaca, pano, bora-witoto y cahuapana; el recorte es por razones editoriales. Por lo dem·s, el estudio se limita a los cardinales, un subconjunto de los números naturales, y la discusiÛn teÛrica de la relaciÛn entre cardinales y otros tipos de números no forma parte de este informe.\Por lo general, el tema ha sido tratado por ling¸istas y lexicÛgrafos, que no siempre tuvieron interÈs prioritario por los enfoques numÈricos. Los resultados de este esfuerzo fueron descripciones no siempre consistentes de lÈxicos especializados y aproximaciones, con diverso nivel de precisiÛn, al pensamiento numÈrico de los pueblos amerindios de esta parte de AmÈrica. 
759 |a PP116 
773 0 |t Revista andina.  |w 041480 
900 |a REVISTA ANDINA-40/05 
942 |c REVA 
952 |0 0  |1 0  |4 0  |6 REVISTA_ANDINA40_05_000000000000000  |7 0  |8 General  |9 77815  |a BC  |b BC  |c General  |d 2017-08-03  |l 0  |o REVISTA ANDINA-40/05  |p FICTICIO7039  |r 2019-01-08 00:00:00  |t 1  |w 2017-08-03  |y REVA 
999 |c 41468  |d 41468